000 01178nam a22003134a 4500
001 ebr10039746
003 CaPaEBR
006 m u
007 cr cn|||||||||
008 021220s2003 dcua s 001 0deng
010 _z 2002156310
020 _z0309085497
040 _aCaPaEBR
_cCaPaEBR
035 _a(OCoLC)61519857
050 1 4 _aQA246
_b.D47 2003eb
082 0 4 _a512/.72
_221
100 1 _aDerbyshire, John.
245 1 0 _aPrime obsession
_h[electronic resource] :
_bBernhard Riemann and the greatest unsolved problem in mathematics /
_cJohn Derbyshire.
260 _aWashington, DC :
_bJoseph Henry Press,
_cc2003.
300 _axv, 422 p. :
_bill.
500 _aIncludes index.
533 _aElectronic reproduction.
_bPalo Alto, Calif. :
_cebrary,
_d2009.
_nAvailable via World Wide Web.
_nAccess may be limited to ebrary affiliated libraries.
600 1 0 _aRiemann, Bernhard,
_d1826-1866.
650 0 _aNumbers, Prime.
650 0 _aSeries.
655 7 _aElectronic books.
_2local
710 2 _aebrary, Inc.
856 4 0 _uhttp://site.ebrary.com/lib/rucke/Doc?id=10039746
_zAn electronic book accessible through the World Wide Web; click to view
999 _c173866
_d173866